Production and operations management Total quality and responsiveness
Saved in:
| Main Author: | |
|---|---|
| Format: | Book |
| Language: | Undetermined |
| Published: |
New York
McGraw-Hill
1995
|
| Subjects: | |
| Tags: |
Add Tag
No Tags, Be the first to tag this record!
|
| Institutions: | Trung tâm Học liệu Trường Đại học Cần Thơ |
|---|
| LEADER | 00562nam a2200193Ia 4500 | ||
|---|---|---|---|
| 001 | CTU_22100 | ||
| 008 | 210402s9999 xx 000 0 und d | ||
| 082 | |a 658.5 | ||
| 082 | |b N818 | ||
| 100 | |a Hamid Noori | ||
| 245 | 0 | |a Production and operations management | |
| 245 | 0 | |b Total quality and responsiveness | |
| 245 | 0 | |c Hamid Noori, Russell Radford | |
| 260 | |a New York | ||
| 260 | |b McGraw-Hill | ||
| 260 | |c 1995 | ||
| 650 | |a industrial management,product management | ||
| 904 | |i Minh, 980304 | ||
| 980 | |a Trung tâm Học liệu Trường Đại học Cần Thơ | ||